000 00284nam a22001337a 4500
008 170815b xxu||||| |||| 00| 0 eng d
020 _a0534011888
041 _aeng
080 _a51
100 _a36
101 _aMAT
245 _aELEMENT OF CALCULUS
_cALLEN,G.D
942 _2udc
_cBK
999 _c23451
_d23451